| 000 | 00856cam a22001934a 4500 | ||
|---|---|---|---|
| 005 | 20250605164037.0 | ||
| 008 | 250528s ||||||||||||||||||||||||d | ||
| 035 | _a16873 | ||
| 020 | _a960851696 | ||
| 040 |
_aGR-AtMCL _bgre _dGR-AtMCL _eAACR2 |
||
| 245 | 1 | _aGolden Grammar / International | |
| 260 |
_bGolden Series Editions, _c1995 |
||
| 300 | _a448 | ||
| 520 | _aAn overall picture created through careful consideration and broad-based scientific analysis. Tenses, Auxiliary Verbs, The Indefinite Article, Order of Words, Sequences of Tenses, Infinitive, Gerund, Clauses of Concession, Conditions, Conjunctions - Correlative Conjunctions, Words with Prepositions, House - Home, The Verb to Be, The Verb to Have, Irregular Verbs. | ||
| 700 | 1 |
_aΓιαννακοπούλου Ελένη _92957 |
|
| 942 | _cBK | ||
| 999 |
_c2325 _d2325 |
||